| 000 | 00707cam a2200181 4500 | ||
|---|---|---|---|
| 001 | WB3647-25 | ||
| 008 | 000000n2000 000 0 eng u | ||
| 035 | _a(Sirsi) u109607 | ||
| 245 | _aCountryside advertising controls | ||
| 260 | _c2000 | ||
| 490 |
_aDETR Press Release _v(728) 28 November 2000, (1) |
||
| 520 | _aPlanning minister Beverley Hughes announced that outdoor advertising controls in the countryside will be maintained and will seek to clarify and update the current position regarding designated areas. | ||
| 590 | _aWB | ||
| 650 | _aADVERTISING HOARDINGS | ||
| 650 | _aLOCAL PLANNING AUTHORITIES | ||
| 690 | _aENVIRONMENTAL AND LAND CONSULTANCY-PLANNING AND DEVELOPMENT | ||
| 942 | _n0 | ||
| 999 |
_c65431 _d65431 |
||